🇩🇪 Wichtige deutsche Siege im Zweiten Weltkrieg (1939–1942) - Statistiken

Allgemein
  • Dieses Quiz wurde 29 mal gespielt
  • Das Durchschnittsergebnis liegt bei 4 aus 13
Antwortstatistiken
Hint Antwort % Korrekt
1939 Schlacht um Warschau
68%
Mai–Juni 1940 Schlacht um Frankreich
64%
Erfolgreich innerhalb weniger Tage Besetzung der Niederlande, Belgiens und Luxemburgs
36%
September 1941 Kesselschlacht bei Kiew
36%
Juni–Juli 1941 Schlacht bei Białystok-Minsk
36%
April–Mai 1941 Besetzung Jugoslawiens und Griechenlands
32%
Mai 1941 Schlacht um Kreta
23%
Juli–August 1941 Schlacht bei Smolensk
18%
Mai–Juni 1940 Schlacht von Dünkirchen
14%
Oktober 1941 und erneut Mai 1942 Einnahme von Charkow
9%
Juni 1942 Einnahme von Tobruk
9%
Zweite Schlacht, Mai 1942 Schlacht bei Charkow
9%
Mai–Juni 1942 Schlacht bei Gazala
0%
Keine ĂĽbereinstimmenden Quizze gefunden
Verteilung der Resultate
Anzahl Personen mit jedem Resultat
Perzentil nach korrekt beantworteten Fragen
Ihre Resultats-Entwicklung
Sie haben dieses Quiz noch nicht gespielt